عرض عادي عرض مارك
  • حسن، عباس حسن.

مدخل إسم شخص

عدد التسجيلات المستخدمة في: 3

001 - رقم الضبط

  • حقل الضبط: 2076

003 - معرف رقم الضبط

  • حقل الضبط: OSt

005 - تاريخ ووقت أخر عملية

  • حقل الضبط: 20110805011657.0

008 - عناصر بيانات ثابتة الطول

  • حقل تحكم ثابت الطول: 110805|||a|||||| | ||| d

040 ## - مصدر الفهرسة

  • هيئة الفهرسة الأصلية: OSt
  • وكالة الكتابة: OSt

100 ## - مدخل -- أسم شخص

  • إسم شخص: حسن، عباس حسن.

670 ## - بيانات المصدر موجوده

  • الاستشهاد بالمصدر: Work cat.: (OSt)2084: حسن، عباس حسن., النحو الوافي مع ربطه بالأساليب الرفيعة والحياة اللغوية المتجددة. الجزء الثالث /, 1976 [1396 أو 1397]